Rýchly kľúč na ochranu rastlín najlepší prostriedok proti ochoreniam a škodcom rastlín

Bibliographic Details
Main Author: Schuster, Thomas (Author)
Other Authors: Hopkins, Jana (Translator)
Format: Book
Language:Slovak
German
PhysicalDescription:180 s. fareb. fotogr., tab. 19 cm
Published: Bratislava Svojtka 2010
ISBN:9788081072444
Edition:1. slov. vyd.
Subjects:

MARC

LEADER 00000cam a2200000 a 4500
001 vtls010076510
003 SK-MaSNL
005 20260301083617.0
008 240314s2010 xo o g 001 0 slo
015 |a SNBA2010/05-06614 
020 |a 9788081072444  |q (brož.) 
040 |a SNK  |b slo  |c SNK  |e AACR2 
041 1 |a slo  |h ger 
044 |a xo  |c SK 
072 7 |a 632  |x Ochrana rastlín. Fytopatológia  |2 konspekt 
080 |a 632.2/.4  |2 2001 
080 |a 632.6/.7  |2 2001 
080 |a (048.8)  |2 2001 
080 |a 632.9  |2 2001 
100 1 |a Schuster, Thomas  |4 aut  |9 410802 
240 1 0 |a Quickfinder Pflanzenschutz  |l Slovensky 
245 1 0 |a Rýchly kľúč na ochranu rastlín  |b najlepší prostriedok proti ochoreniam a škodcom rastlín  |c Thomas Schuster ; [z nemeckého vydania preložila Jana Hopkins] 
250 |a 1. slov. vyd. 
260 |a Bratislava  |b Svojtka  |c 2010 
300 |a 180 s.  |b fareb. fotogr., tab.  |c 19 cm 
504 |a Slovníček. Reg. 
650 0 7 |a choroby rastlín  |2 SNKPH  |9 3634 
650 0 7 |a škodcovia rastlín  |2 SNKPHeng  |9 4062 
650 0 7 |a Plant diseases  |2 SNKPHeng  |9 305991 
650 0 7 |a Pests of plants  |2 SNKPHeng  |9 326266 
650 0 7 |a ochrana rastlín  |2 SNKPH  |9 3636 
650 0 7 |a Plant conservation  |2 SNKPHeng  |9 275972 
655 7 |a prehľady  |2 SNKPH  |9 70194 
655 7 |a Surveys  |2 SNKPHeng  |9 266058 
700 1 |a Hopkins, Jana  |4 trl  |9 410803 
852 |a Štátna vedecká knižnica v Banskej Bystrici 
919 |a 978-80-8107-244-4 
958 |a OP 
968 |b DT  |d 63 
999 |c 660952  |d 662882 
952 |a SNK  |b SNK  |y VYP  |7 0  |p 17A0651217  |o snkSD 78976 D1  |i snk2010/5809  |8 0  |0 0  |1 0  |4 0  |d 2010-03-23  |l 0  |r 2017-06-30 00:00:00  |w 2026-02-23 
952 |a SNK  |b SNK  |y PREZ  |7 0  |p 17A0651216  |o snkSD 78976  |i snk2010/5794  |8 0  |0 0  |1 0  |4 0  |d 2010-03-23  |l 0  |r 2025-11-26 00:00:00  |w 2026-02-23